00728cam a22002413a 45000010005000000030006000050050017000110080041000280400015000690420007000840500007000911000042000982450072001402600029002125060030002415160020002716530029002916530041003206530021003616530035003828300028004178560041004453016PGUSA20140828083024.0020101s2002||||xxu|||||s|||||000 1 eng d aPGUSAbeng adc 4aPS1 aGilman, Charlotte Perkins,d1860-193510aWhat Diantha Didh[electronic resource] /cCharlotte Perkins Gilman bProject Gutenberg,c2002 aPublic domain in the USA. aElectronic text aBusinesswomen -- Fiction aWomen household employees -- Fiction aFeminist fiction aWomen -- Employment -- Fiction 0aProject Gutenbergv301640uhttp://www.gutenberg.org/ebooks/3016